书目信息 |
| 题名: |
2016药学 (士) 练习题集
|
|
| 作者: | 陈有亮 主编 | |
| 分册: | ||
| 出版信息: | 北京 人民卫生出版社 2015 |
|
| 页数: | 198页 | |
| 开本: | 26cm | |
| 丛书名: | 全国卫生专业技术资格考试习题集丛书 | |
| 单 册: | ||
| 中图分类: | R9-44 | |
| 科图分类: | ||
| 主题词: | 药物学--Yao Wu Xue--药剂人员--资格考试--习题集 | |
| 电子资源: | ||
| ISBN: | 978-7-117-21637-1 | |
| 000 | 01081nam 2200265 450 | |
| 001 | 1673708475 | |
| 005 | 20151029212709.0 | |
| 010 | @a978-7-117-21637-1@dCNY60.00 | |
| 100 | @a20151230d2015 em y0chiy0120 ea | |
| 101 | 0 | @achi |
| 102 | @aCN@b110000 | |
| 105 | @ay q 000yy | |
| 106 | @ar | |
| 200 | 1 | @a2016药学 (士) 练习题集@A2016 Yao Xue ( Shi ) Lian Xi Ti Ji@f主编陈有亮 |
| 210 | @a北京@c人民卫生出版社@d2015 | |
| 215 | @a198页@d26cm | |
| 225 | 2 | @a全国卫生专业技术资格考试习题集丛书@AQuan Guo Wei Sheng Zhuan Ye Ji Shu Zi Ge Kao Shi Xi Ti Ji Cong Shu |
| 330 | @a本套丛书以考试大纲和全国卫生专业技术资格考试专家委员会编写的《2016全国卫生专业技术资格考试指导》为主要编写依据,全面覆盖各类题型和主要考点,帮助考生在解题的过程中尽快理解和掌握知识点,使考试复习事半功倍。 | |
| 333 | @a参加全国卫生专业技术资格考试的考生 | |
| 410 | 0 | @12001 @a全国卫生专业技术资格考试习题集丛书 |
| 606 | 0 | @a药物学@AYao Wu Xue@x药剂人员@x资格考试@j习题集 |
| 690 | @aR9-44@v5 | |
| 701 | 0 | @a陈有亮@AChen You Liang@4主编 |
| 801 | 0 | @aCN@b江苏新华@c20150511 |
| 905 | @aBZT@dR9-44@e10 | |
| 2016药学 (士) 练习题集/主编陈有亮.-北京:人民卫生出版社,2015 |
| 198页;26cm.-(全国卫生专业技术资格考试习题集丛书) |
| 使用对象:参加全国卫生专业技术资格考试的考生 |
| ISBN 978-7-117-21637-1:CNY60.00 |
| 本套丛书以考试大纲和全国卫生专业技术资格考试专家委员会编写的《2016全国卫生专业技术资格考试指导》为主要编写依据,全面覆盖各类题型和主要考点,帮助考生在解题的过程中尽快理解和掌握知识点,使考试复习事半功倍。 |
| ● |
| 相关链接 |
|
|
|
正题名:2016药学 (士) 练习题集
索取号:R9-44/10
 
预约/预借
| 序号 | 登录号 | 条形码 | 馆藏地/架位号 | 状态 | 备注 |
| 1 | 800453 | 2000800453 | 第二书库/ [索取号:R9-44/10] | 在馆 | |
| 2 | 800454 | 2000800454 | 第二书库/ [索取号:R9-44/10] |
已借出,限还日期为2026.04.27 借出人:闫敏君 |
|
| 3 | 800455 | 2000800455 | 第二书库/ [索取号:R9-44/10] | 在馆 |